| 000 | 005450000a22001810004500 | ||
|---|---|---|---|
| 003 | MACL | ||
| 005 | 20160301155722.0 | ||
| 008 | 160301b xxu||||| |||| 00| 0 eng d | ||
| 040 |
_aMACL _cMACL |
||
| 041 | _aHindi | ||
| 082 | _a891.431 | ||
| 100 |
_aगोकुलचन्द्र शर्मा _941731 |
||
| 245 | _aमंगल मार्ग | ||
| 260 |
_bहिन्दी प्रकाशन मंदिर _c1955 _aइलाहाबाद |
||
| 350 | _a1.50 | ||
| 650 |
_aPoetry _941732 |
||
| 942 |
_cHIN _k891.431 _2ddc |
||
| 999 |
_c24020 _d24020 |
||